000 01043nam a2200277 i 4500
001 141120
003 ES-MaACL
005 20250809195004.0
007 t|
008 070919s1974 sp ||||1| spa d
020 _a84-344-8306-8
100 1 _aWilson, Edward M.
_9117024
245 1 0 _aHistoria de la literatura española
_b: Siglo de Oro : teatro (1492-1700) /
_cEdward M. Wilson, Duncan Moir ; [traducción castellana de Carlos Pujol ; edición al cuidado de José-Carlos Mainer].
260 _aBarcelona :
_bAriel,
_c1974.
300 _a265 p. ;
_c21 cm.
490 1 _aHistoria de la literatura española ;
_v3
500 _aÍndice.
504 _aBibliografía: p. [227]-246.
650 4 _aTeatro español-
_yS.XVI-XVII-
_xHistoria y crítica.
_917353
700 1 _aMoir, Duncan.
_981811
700 1 _aPujol, Carlos,
_d1936-2012
_994332
700 1 _aMainer, José-Carlos,
_d1944-
_975599
830 1 _aHistoria de la literatura española ;
_v3
_9220383
852 _aES-MaACL
_jC-56694
999 _c141120
_d141120